La Louisiane en images. - Statistiques

Statistiques générales
  • Ce quiz a été pris 8 fois
  • Le résultat moyen est 11 sur 16
Statistiques - réponses
Par images Hint Réponse % Correct
Fête Carnaval
100%
Genre musical Jazz
100%
Ville La Nouvelle-Orléans
100%
Roi Louis XIV
100%
Jeu Poker
100%
Animal Alligator
88%
Étendue d'eau Bayou
88%
Croyance Vaudou
88%
Animal Pélican brun
75%
Catastrophe naturelle Ouragan Katrina
63%
Film Un tramway nommé Désir
63%
Musicien Louis Armstrong
50%
Ville Bâton Rouge
38%
Plat Jambalaya
38%
Rappeur Lil Wayne
25%
Équipe de football américain Saints
13%
Aucun quiz correspondant
Distribution des résultats
% des personnes avec chaque résultat
Percentile par nombre de réponses
Votre historique - résultats
Vous n’avez pas pris ce quiz